000 00792cam a2200217 a 4500
001 000006334
005 20200929153922.0
008 851216s1984 pr 000 0 spa
040 _aDO-SdBNP
_bspa
_cLC
_dBNPHU
082 _aPR861.4
_bL792ó
100 1 _aLlorens Torres, Luis,
_d1876-1944.
_94234
245 1 0 _aObras completas /
_cLuis Llorens Torres.
260 _aSan Juan, Puerto Rico :
_bInstituto de Cultura Puertorriqueña,
_c1984.
300 _av. ;
_c23 cm.
505 1 _aVol. 1 Poesía : Al pie de la Alhambra. Sonetos sinfonicos. Voces de la campana mayor. Alturas de América.
500 _ala biblioteca sólo posee el volumen 1.
650 4 _aPoesía puertorriqueña
_91015
650 4 _aLiteratura puertorriqueña
_9250
910 _aCatalogación derivada.
049 _aBNGR
999 _c6129
_d6129